000 00182 a2200085 4500
041 _aspa
100 _aAnonimo
245 _aManual de capacitacion para las escuelas modelo
942 _cBK
999 _c10444
_d10444